LEADER 01121nas a2200229 i 4500 001 000000019222 003 CaOOAMICUS 005 20211026120517.0 008 180830c20079999it zx u0 z|ita u 040 $aSeMil$bita 245 00$aStudia Anselmiana. Historia theologiae$h[generale di collana]. 264 1$aRoma :$bPontificio Ateneo S. Anselmo,$c2007- 300 $av. ;$c25 cm. 362 0 $a1(2007)- 710 2 $aPontificio Istituto Liturgico Sant'Anselmo .$0(OLS)http://semarc/name/31 760 0 $tStudia Anselmiana.$dRoma : Herder : Pontificio ateneo S. Anselmo, 1933-$x2036-8437$w()31 830 0$aStudia Anselmiana. Historia theologiae.$0(OLS)http://semarc/title/25271 850 $aSeMil 852 $aSeMil$W1$xVenegono$y1$mVedi "Titolo uniforme di collana" per le collocazioni dei singoli volumi$j222888$qSottoscrizione meritevole$B239303$CSeMilBibl$Z2$F239303 $81 996 $6245$aStudia Anselmiana. Historia theologiae$h[generale di collana]$9(OLS)http://semarc/title/437638 996 $6264$aRoma :$bPontificio Ateneo S. Anselmo$9(OLS)http://semarc/publisher/29636 LEADER 01303nam a2200289 4500 001 000000353642 003 CaOOAMICUS 005 20230504161501.0 008 230504s2022 it 000 u ita r 020 $a978-88-284-0051-6 040 $aSeMil$bita 100 1 $aEusebi, Luciano.$0(OLS)http://semarc/name/37549 245 13$aLa Chiesa e il problema della pena :$bsulla risposta al negativo come sfida giuridica e teologica /$cLuciano Eusebi. 250 $aNuova ed. riveduta e ampliata 264 1$aBrescia :$bScholé,$c2022. 300 $a312 p. ;$c21 cm 490 1 $aSaggi ;$v138 650 4$aGiustizia - Concezione cristiana.$0(OLS)http://semarc/subject/3574 830 0$aSaggi ;$v138.$0(OLS)http://semarc/title/341 850 $aSeMil 852 $aSeMil$W1$xVenegono$y1$m2H II 75$j271026$B244871$CSeMilBibl$Z2$F244871 $81 941 1 $a7 961 $aOmaggio mons. Mario Delpini. -- Con dedica autografa dell'autore (Luciano Eusebi) a mons. Delpini. 996 $6020$a978-88-284-0051-6$9(OLS)http://semarc/number/298072 996 $6245$aLa Chiesa e il problema della pena :$bsulla risposta al negativo come sfida giuridica e teologica$9(OLS)http://semarc/title/443742 996 $6264$aBrescia :$bScholé$9(OLS)http://semarc/publisher/60641